Statistics for Perineum - 1

Click here to take the quiz!

General Stats

  • This quiz has been taken 3 times
  • The average score is 7 of 15

Answer Stats

HintAnswer% Correct
Is the urinary bladder extraperitoneal or intraperitoneal?Extraperitoneal
100%
The cervix is anteverted in relation to the vagina, but what is the uterus in relation to the cervix?Anteflexed
50%
In the spermatic cord there are three different arteries, one named after the fascia mentioned, the testicualr artery and what third?Artery to the vas
50%
The spermatic cord has three layers of fascia the external and internal spermatic fascia but which fascia is imbetween them?Cremasteric
50%
What does this plexus split to produce?Inferior hypogastric
50%
What ligament is the oblitterated remains of the umbilical artery?Medial umbilical
50%
In females what s the name of the pouch between the rectum and the uterus?Rectouterine
50%
In men what is the name for the 'pouch' between the rectum and bladder?Rectovesical
50%
Anterior to which joint does the common iliac artery bifurcate to given internal and external iliacs?Sacroiliac
50%
What autonomic plexus which is a continuation of the aortic plexus, and has branches from L3 and L4 ganglia, lies on the sacral promontary.Superior hypogastric plexus
50%
What is the anatomical term for the triangular base of the urinary bladder?Trigone
50%
And the pouch between the bladder and the uterus?Vesicouterine
50%
What part of the ovaries is the site of follicle maturation?Ovarian cortex
0%
What is the name for the tissue capsule that covers the ovaries?Tunica albuginea
0%
What is the medical term for backlow of urine up the ureters? This is prevented by a flap valve.Vesicoureteric reflux
0%

Score Distribution

Percentile by Number Answered

Percent of People with Each Score

Your Score History

You have not taken this quiz